Intellectual Property and Artificial Intelligence / (Record no. 203345)

MARC details
000 -LEADER
fixed length control field 01916nam a2200313 i 4500
005 - DATE AND TIME OF LATEST TRANSACTION
control field 20260304115222.0
008 - FIXED-LENGTH DATA ELEMENTS--GENERAL INFORMATION
fixed length control field 260304t20252025nyu gr 001 0 eng d
020 ## - INTERNATIONAL STANDARD BOOK NUMBER
International Standard Book Number 9781534509979
Terms of availability RM235.00
Qualifying information paperback
040 ## - CATALOGING SOURCE
Original cataloging agency PPAK
Language of cataloging eng
Transcribing agency PPAK
Description conventions rda
082 04 - DEWEY DECIMAL CLASSIFICATION NUMBER
Edition number 23
Classification number 346.048
090 00 - LOCALLY ASSIGNED LC-TYPE CALL NUMBER (OCLC); LOCAL CALL NUMBER (RLIN)
Classification number (OCLC) (R) ; Classification number, CALL (RLIN) (NR) 346.048
Feature heading INT
Feature heading G
245 00 - TITLE STATEMENT
Title Intellectual Property and Artificial Intelligence /
Statement of responsibility, etc. Editor: Gary Wiener
250 ## - EDITION STATEMENT
Edition statement First Edition
264 #1 - PRODUCTION, PUBLICATION, DISTRIBUTION, MANUFACTURE, AND COPYRIGHT NOTICE
Place of production, publication, distribution, manufacture Buffalo, New York :
Name of producer, publisher, distributor, manufacturer Greenhaven Publishing,
Date of production, publication, distribution, manufacture, or copyright notice 2025
Date of production, publication, distribution, manufacture, or copyright notice ©2025
300 ## - PHYSICAL DESCRIPTION
Extent 176 pages ;
Dimensions 23 cm
336 ## - CONTENT TYPE
Content type term text
Source rdacontent
337 ## - MEDIA TYPE
Media type term unmediated
Source rdamedia
338 ## - CARRIER TYPE
Carrier type term volume
Source rdacarrier
490 1# - SERIES STATEMENT
Series statement Opposing Viewpoints
500 ## - GENERAL NOTE
General note Includes index.
504 ## - BIBLIOGRAPHY, ETC. NOTE
Bibliography, etc. note Bibliography: pages 171-172.
520 ## - SUMMARY, ETC.
Summary, etc. "Since new types of artificial intelligence like ChatGPT and other large language models have been introduced, many people have expressed excitement and concern about their generative potential. Could AI be used to write a book, make a movie, or create a picture that's just as good as--or maybe even better than--those created by humans? But with these questions come other legal and ethical questions. Data is used to "train" ChatGPT and other forms of AI, but where is this data coming from, and does using it violate the rights of human creators? Furthermore, when the work AI produces strongly resembles or even directly mimics the work of human creators, what intellectual property rights do the creators have? This volume examines these questions and others related to the murky intersection of AI and intellectual property, including whether the use of AI on school assignments is considered plagiarism" -- Provided by publisher.
650 10 - SUBJECT ADDED ENTRY--TOPICAL TERM
Topical term or geographic name entry element Intellectual property
Topical term or geographic name entry element Artificial intelligence
700 1# - ADDED ENTRY--PERSONAL NAME
Personal name Wiener, Gary,
Relator term editor.
830 #0 - SERIES ADDED ENTRY--UNIFORM TITLE
Uniform title Opposing viewpoints
942 ## - ADDED ENTRY ELEMENTS (KOHA)
Source of classification or shelving scheme Dewey Decimal Classification
Koha item type Book
Holdings
Withdrawn Not for loan Current library Shelving location Date acquired Total Checkouts Full call number Barcode Date last seen Koha item type
    Perpustakaan Alor Setar Pinjaman Dewasa 11/03/2026   346.048 INT A01908460 11/03/2026 Book
    Perpustakaan Awam Sungai Petani Pinjaman Dewasa 11/03/2026   346.048 INT A01908461 11/03/2026 Book